00905cam a2200253 a 4500001001000000003000900010005001700019008004100036040002500077082002500102100004300127245005500170260004300225300002800268490002100296650003100317651004200348651004800390830002900438910002800467942001400495952012500509999001700634000014264DO-SdBNP20240503185327.0770322s1985 cu a b 000 0 spa  aDO-SdBNPbspacBNPHU 4a330.97291bL433h2221 aLe Riverend, Julio,d1912-1998.93220410aHistoria económica de Cuba /cJulio Le Riverend. aLa Habana :bCiencias Sociales,c1985. a662 p. :bil. ;c23 cm.0 aHistoria de Cuba 0aHistoria económica91620 4aCubaxCondiciones económicas918921 4aCubaxCondiciones socialesySiglo XX932205 0aHistoria de Cuba.914768 aCatalogación derivada 2ddccLBS1 001052708MOaGRbGRcCTd2009-12-08iLF1l0o330.97291 L433hp14264-10r2020-06-25w2020-06-25y2ZPréstamo interno c13860d13860